000
00377nam a2200145Ia 4500
008
090124s9999 xx 000 0 und d
082
_b
133819
_a
103179
245
_a
छप्पर
250
_a
1
260
_b
पाटील व.के.(वसंत केशव )
_c
2006
300
_a
190
630
_a
छप्पर
730
_a
छप्पर
942
_c
BOOK
999
_c
180130
_d
180130